[Event "Olympiad Women-42"]
[Site "Baku"]
[Date "2016.09.11"]
[Round "9.1"]
[White "Figueroa, Julissa"]
[Black "McDowell, Sharon"]
[Result "1/2-1/2"]
[WhiteElo "1787"]
[BlackElo "1685"]
[PlyCount "140"]
[EventDate "2016.09.02"]
[EventType "team-swiss"]
[EventRounds "11"]
[EventCountry "AZE"]
[SourceTitle "CBM 174 Extra"]
[Source "ChessBase"]
[SourceDate "2016.10.10"]
[SourceVersion "1"]
[SourceVersionDate "2016.10.10"]
[SourceQuality "1"]
[WhiteTeam "Guatemala (W)"]
[BlackTeam "Honduras (W)"]
[WhiteTeamCountry "GUA"]
[BlackTeamCountry "HON"]

1. e4 c5 2. Nf3 d6 3. d4 cxd4 4. Nxd4 Nf6 5. Nc3 a6 6. a4 e6 7. Be2 Be7 8. 0-0 0-0 9. Kh1 b6 10. f4 Bb7 11. Bf3 d5 12. e5 Ne4 13. Qd3 Nxc3 14. Qxc3 Qd7 15. Be3 Rc8 16. Qe1 Nc6 17. c3 Nxd4 18. Bxd4 Bc5 19. Qf2 Bxd4 20. Qxd4 b5 21. axb5 Qxb5 22. Qd2 Rc7 23. Be2 Qc6 24. Bd3 a5 25. Rfc1 a4 26. Bf1 Ba6 27. Bxa6 Rxa6 28. Qd4 Qc4 29. Qxc4 Rxc4 30. g3 Rb6 31. Ra2 h6 32. Kg2 f6 33. exf6 gxf6 34. Rd1 Rb5 35. Kf3 Kg7 36. Rd4 Rxd4 37. cxd4 Rb4 38. Ke3 Kg6 39. Kd3 Kf5 40. Kc3 Rc4+ 41. Kd3 Kg4 42. Ra3 Kh3 43. b3 axb3 44. Rxb3 Rc6 45. Rb7 Kg4 46. Rg7+ Kf5 47. Rh7 Kg6 48. Re7 Ra6 49. Kc3 Kf5 50. Rh7 Rc6+ 51. Kd3 Kg6 52. Re7 Ra6 53. Kc3 Ra3+ 54. Kb4 Re3 55. Kc5 Re2 56. Kd6 Kf5 57. h3 Re3 58. g4+ Kxf4 59. Rxe6 Rxe6+ 60. Kxe6 Ke4 61. Kxf6 Kxd4 62. g5 hxg5 63. Kxg5 Ke4 64. h4 d4 65. h5 d3 66. h6 d2 67. h7 d1Q 68. h8Q Qg1+ 69. Kh6 Qe3+ 70. Kh7 Qh3+ 1/2-1/2

[Event "Olympiad Women-42"]
[Site "Baku"]
[Date "2016.09.05"]
[Round "4.56"]
[White "Caruana Pulpan, Oana"]
[Black "Figueroa, Julissa"]
[Result "1-0"]
[WhiteElo "1894"]
[BlackElo "1787"]
[PlyCount "103"]
[EventDate "2016.09.02"]
[EventType "team-swiss"]
[EventRounds "11"]
[EventCountry "AZE"]
[SourceTitle "CBM 174 Extra"]
[Source "ChessBase"]
[SourceDate "2016.10.10"]
[SourceVersion "1"]
[SourceVersionDate "2016.10.10"]
[SourceQuality "1"]
[WhiteTeam "Malta (W)"]
[BlackTeam "Guatemala (W)"]
[WhiteTeamCountry "MLT"]
[BlackTeamCountry "GUA"]

1. d4 d5 2. Nf3 e6 3. g3 Nf6 4. Bg2 Be7 5. 0-0 0-0 6. Nbd2 c6 7. c4 b6 8. Ne5 Bb7 9. b3 Nbd7 10. Bb2 Rc8 11. Rc1 Qc7 12. e4 dxe4 13. Nxe4 Nxe4 14. Bxe4 Nxe5 15. dxe5 c5 16. Qc2 Bxe4 17. Qxe4 Rfd8 18. Rcd1 g6 19. f3 Bf8 20. Kf2 Bg7 21. Ke2 Qe7 22. Bc1 h6 23. h4 Qc7 24. Bf4 b5 25. cxb5 Qa5 26. a4 Qc3 27. Rd3 Qc2+ 28. Bd2 Rxd3 29. Qxd3 Qxd3+ 30. Kxd3 Rd8+ 31. Kc2 Bxe5 32. g4 Kg7 33. Rd1 Rd5 34. Bc3 Bd4 35. b4 e5 36. Kb3 Kf6 37. bxc5 Rxc5 38. Bxd4 exd4 39. Rxd4 Ke6 40. Rc4 Kd5 41. Rxc5+ Kxc5 42. f4 f6 43. Kc3 Kb6 44. g5 fxg5 45. fxg5 hxg5 46. hxg5 Ka5 47. Kb3 Kb6 48. Kb4 Kb7 49. a5 Kc7 50. Kc5 Kb7 51. Kd6 Kc8 52. Ke6 1-0

[Event "Olympiad Women-42"]
[Site "Baku"]
[Date "2016.09.03"]
[Round "2.54"]
[White "Figueroa, Julissa"]
[Black "Vilhete, Vania Fausto da T"]
[Result "0-1"]
[WhiteElo "1787"]
[BlackElo "1741"]
[PlyCount "60"]
[EventDate "2016.09.02"]
[EventType "team-swiss"]
[EventRounds "11"]
[EventCountry "AZE"]
[SourceTitle "CBM 174 Extra"]
[Source "ChessBase"]
[SourceDate "2016.10.10"]
[SourceVersion "1"]
[SourceVersionDate "2016.10.10"]
[SourceQuality "1"]
[WhiteTeam "Guatemala (W)"]
[BlackTeam "Mozambique (W)"]
[WhiteTeamCountry "GUA"]
[BlackTeamCountry "MOZ"]

1. e4 c5 2. Nf3 d6 3. d4 cxd4 4. Nxd4 Nf6 5. Nc3 a6 6. a4 e5 7. Nb3 Be6 8. Bg5 Be7 9. Be2 0-0 10. 0-0 Qc7 11. Kh1 Nbd7 12. Be3 Rfd8 13. f3 Nc5 14. Nxc5 dxc5 15. Qe1 Rd7 16. Qf2 Rad8 17. a5 Qc6 18. h3 Nh5 19. f4 Nxf4 20. Bxf4 exf4 21. Qxf4 h6 22. Bh5 Bg5 23. Qf3 Qc7 24. Nd5 Bxd5 25. exd5 g6 26. Bg4 Rxd5 27. Qb3 c4 28. Qa4 Rd2 29. Rae1 Qg3 30. Re2 Bf4 0-1